000 00459nam a2200169 a 4500
005 20140310183503.0
008 100920s19uu xx 00 eng d
020 _a0671499661
050 _aPR 2805.A2
_b.Sh527 1962
100 _aShakespeare, William
245 _aThe Tragedy of Coriolanus.
_cWilliam Shakespeare
260 _aNew York :
_bPocket Books,
_c1962.
300 _a300 p. :
_c17 cm.
650 _aClassic
942 _cBK
_2lcc
999 _c23968
_d23968